000 00667cam a22002413a 4500
001 31052
003 PGUSA
005 20140828083655.0
008 100123s2010||||xxu|||||s|||||000 1 eng d
040 _aPGUSA
_beng
042 _adc
050 4 _aPT
100 1 _aConscience, Hendrik,
_d1812-1883
245 1 0 _aSiska van Roosemael
_h[electronic resource] /
_cHendrik Conscience
260 _bProject Gutenberg,
_c2010
506 _aPublic domain in the USA.
516 _aElectronic text
653 _aFamilies -- Fiction
653 _aDomestic fiction
830 0 _aProject Gutenberg
_v31052
856 4 0 _uhttp://www.gutenberg.org/ebooks/31052
942 _cEB
999 _c260307
_d260307